000 01396nam a2200241Ia 4500
003 Ost
005 20260507075632.0
008 260507s9999||||xx |||||||||||||| ||und||
040 _cfsecg
041 _aara
082 _a657.46
100 _aالدهراوي، كمال الدين مصطفى
_eمؤلف
245 0 _aمبادئ المحاسبة المالية /
_c كمال الدين مصطفى الدهراوي
260 _aالاسكندرية:
_bدار الجامعة الجديدة,
_c2002
300 _a400 صفحة؛
_bإيضاحات ؛
_c24 سم
520 _aالنظام المحاسبي في المنشأت الصناعية ،الدفاتر واليوميات المساعدة ،تصويب الأخطاء ،الرقابة الداخلية وعنصر النقدية ، المحاسبة عن الإستثمارات قصيرة الأجل ، المحاسبة عن المدينين وأوراق القبض ، المحاسبة عن المخزون السلعي ، جرد الاصول غير النقدية جرد الأصول غير الملموسة والموارد ،جرد الإلتزامات
653 _aالجرد
653 _aالمحاسبة التحليلية
653 _aإمساك الدفاتر
700 _aسليمان، محمود السيد
_eمؤلف ثانوي
700 _aنصر الله، عبدالوهاب
_eمؤلف ثانوي
942 _cكتاب
999 _c45219
_d45219